Разработка научных основ и способов ресурсосберегающей и экологически чистой технологии добычи полезных ископаемых (Запись № 12984971)

Подробности
000 -МАРКЕР
контрольное поле 02096nam0a2200337 4500
001 - ИДЕНТИФИКАТОР ЗАПИСИ
контрольное поле RU\NLR\BIBL_A\016304964
005 - ИДЕНТИФИКАТОР ВЕРСИИ
контрольное поле 20250625033430.0
010 ## - МЕЖДУНАРОДНЫЙ СТАНДАРТНЫЙ НОМЕР КНИГИ (ISBN)
Номер (ISBN) 5-86995-006-6
Тираж 100
021 ## - НОМЕР ГОСУДАРСТВЕННОЙ РЕГИСТРАЦИИ
Код страны российская федерация
Номер 97-47468
035 ## - ДРУГИЕ СИСТЕМНЫЕ НОМЕРА
Идентификатор записи (NLR Aleph) 016304964
100 ## - ДАННЫЕ ОБЩЕЙ ОБРАБОТКИ
Данные общей обработки 19990706d1997 |||y0rusy50 ca
101 0# - ЯЗЫК РЕСУРСА
Язык текста, звукозаписи и т.д. русский
102 ## - СТРАНА ПУБЛИКАЦИИ ИЛИ ПРОИЗВОДСТВА
Страна публикации российская федерация
105 ## - ПОЛЕ КОДИРОВАННЫХ ДАННЫХ: ТЕКСТОВЫЕ МАТЕРИАЛЫ, МОНОГРАФИЧЕСКИЕ
Кодированные данные о монографическом текстовом документе y z 1||||
200 1# - ЗАГЛАВИЕ И СВЕДЕНИЯ ОБ ОТВЕТСТВЕННОСТИ
Основное заглавие Разработка научных основ и способов ресурсосберегающей и экологически чистой технологии добычи полезных ископаемых
Сведения, относящиеся к заглавию материалы XХХХVI научно-технической конференции НГТУ
Первые сведения об ответственности Министерство общего и профессионального образования Российской Федерации, Новочеркасский государственный технический университет, Южно-Российский научный центр РАЕН
210 ## - ПУБЛИКАЦИЯ, РАСПРОСТРАНЕНИЕ И ДР.
Место издания, распространения и т.д. Новочеркасск
Имя издателя, распространителя и т. д. "НАБЛА"
Дата издания, распространения и т.д. 1997
215 ## - ФИЗИЧЕСКАЯ ХАРАКТЕРИСТИКА
Специфическое обозначение материала и объем [1], 93 с.
Размеры 20
320 ## - ПРИМЕЧАНИЯ О НАЛИЧИИ В ДОКУМЕНТЕ БИБЛИОГРАФИИ / УКАЗАТЕЛЯ
Текст примечания Библиогр.: с. 96, 133
606 0# - НАИМЕНОВАНИЕ ТЕМЫ КАК ПРЕДМЕТ
Наименование темы Полезные ископаемые
Формальный подзаголовок Съезды, совещания и т.п.
Тематический подзаголовок Добыча
Системный номер авторитетной/нормативной записи 2117393
Идентификатор авторитетной/нормативной записи RU\NLR\AUTH\661278993
606 0# - НАИМЕНОВАНИЕ ТЕМЫ КАК ПРЕДМЕТ
Наименование темы Окружающая среда
Формальный подзаголовок Съезды, совещания и т.п.
Тематический подзаголовок Загрязнение отходами горных предприятий
Системный номер авторитетной/нормативной записи 1778924
Идентификатор авторитетной/нормативной записи RU\NLR\AUTH\66799484
606 0# - НАИМЕНОВАНИЕ ТЕМЫ КАК ПРЕДМЕТ
Наименование темы Горные работы
Формальный подзаголовок Съезды, совещания и т.п.
Тематический подзаголовок Ресурсосберегающие технологии
Системный номер авторитетной/нормативной записи 2272784
Идентификатор авторитетной/нормативной записи RU\NLR\AUTH\661362141
686 ## - ИНДЕКСЫ ДРУГИХ КЛАССИФИКАЦИЙ
Индекс И-642я431(2)
711 02 - НАИМЕНОВАНИЕ ОРГАНИЗАЦИИ - АЛЬТЕРНАТИВНАЯ ОТВЕТСТВЕННОСТЬ
Начальный элемент ввода Новочеркасский технический университет
Структурное подразделение Научно-техническая конференция
Порядковый номер временной организации и / или порядковый номер ее части 46
Дата проведения временной организации 1997
Системный номер авторитетной/нормативной записи 694175
Идентификатор авторитетной/нормативной записи RU\NLR\AUTH\880516778
801 #0 - ИСТОЧНИК ЗАПИСИ
Страна российская федерация
Организация NLR
Дата составления 19990706
Правила каталогизации PSBO
801 #1 - ИСТОЧНИК ЗАПИСИ
Страна российская федерация
Организация NLR
Дата составления 19990706
852 ## - МЕСТОНАХОЖДЕНИЕ И ШИФР ХРАНЕНИЯ
Идентификатор организации NLR
Шифр хранения (Call Number) 98-4/7459
942 ## - ДОПОЛНИТЕЛЬНЫЕ ЭЛЕМЕНТЫ ЗАПИСИ (АБИС)
Тип экземпляра АБИС Книга
980 ## - КОЛЛЕКЦИЯ
Название коллекции Национальная библиография
Экземпляры
Тип экземпляра Дата поступления Библиотека постоянного хранения Библиотека текущего хранения Место хранения Шифр хранения Штрих-код Статус не для выдачи
Книга 07.03.2023 РНБ (Московский) РНБ (Московский) Русский книжный фонд: издания с 1957 года, 8этаж 98-4/7459 ERR-275888